Prodromus einer Flora von Südwestafrika (Record no. 284519)

MARC details
000 -LEADER
fixed length control field 00511nam a2200181Ia 4500
008 - FIXED-LENGTH DATA ELEMENTS--GENERAL INFORMATION
fixed length control field 191130s1967##################000#0#eng##
082 ## - DEWEY DECIMAL CLASSIFICATION NUMBER
Classification number 581.968012 MER
100 ## - MAIN ENTRY--AUTHOR NAME
Personal name Merxmüller, Hermann
245 ## - TITLE STATEMENT
Title Prodromus einer Flora von Südwestafrika
Statement of responsibility, etc Hermann Merxmüller
260 ## - PUBLICATION, DISTRIBUTION, ETC. (IMPRINT)
Place of publication Lehre [Germany]
Name of publisher J. Cramer
Year of publication 1967
300 ## - PHYSICAL DESCRIPTION
Number of Pages Various Pagings, 24 cm
650 ## - SUBJECT ADDED ENTRY--TOPICAL TERM
Topical Term Botany
Topical Term Namibia
991 ## -
-- 326036
Holdings
Withdrawn status Lost status Damaged status Not for loan Home library Current library Shelving location Date acquired Full call number Accession Number Price effective from Koha item type
        Anna Centenary Library Anna Centenary Library 5TH FLOOR, B WING 15.10.2020 581.968012 MER 172465 15.10.2020 English Books

Find us on the map